000 00337nam a2200121Ia 4500
008 190216s9999||||xx |||||||||||||| ||und||
100 _aThomas G Spiro & William M Stigliani
245 0 _aChemistry Of The Environment
260 _bPrentice Hall Of India Pvt Ltd
_c2002
300 _a489p
650 _aChemistry-Chemistry
942 _cBK
999 _c3135
_d3135